Unción de los enfermos. Liturgia y pastoral
Gardado en:
| Autor Principal: | |
|---|---|
| Formato: | Unknown |
| Idioma: | inglés |
| Publicado: |
Barcelona, España:
Centre de Pastoral Litúrgica,
2018
|
| Edición: | Primera edición |
| Series: | Biblioteca Litúrgica
|
| Subjects: | |
| Tags: |
Engadir etiqueta
Sen Etiquetas, Sexa o primeiro en etiquetar este rexistro!
|
MARC
| LEADER | 00000 a2200000 4500 | ||
|---|---|---|---|
| 003 | CL-VaPUC | ||
| 005 | 20220302134141.0 | ||
| 008 | 210105b ||||| |||| 00| 0 eng d | ||
| 999 | |c 432142 |d 432140 | ||
| 020 | |a 9788491651451 | ||
| 040 | |c Pontificia Universidad Católica de Valparaíso | ||
| 082 | 1 | 4 | |2 21 |a 265.7 SAP 2018 |
| 100 | |a Sapori, Eugenio |9 857740 |e autor | ||
| 245 | |a Unción de los enfermos. |b Liturgia y pastoral | ||
| 250 | |a Primera edición | ||
| 260 | 0 | 3 | |a Barcelona, España: |b Centre de Pastoral Litúrgica, |c 2018 |
| 300 | |a 378 páginas | ||
| 440 | |a Biblioteca Litúrgica |n 57 |9 859280 | ||
| 583 | |k Cristina Rojas |c 20210105 | ||
| 650 | 0 | 0 | |9 399341 |a Unción de los enfermos |x Sacramentos |
| 650 | 0 | 0 | |a Ritos religiosos |9 337654 |x Unción de los enfermos |
| 942 | |2 ddc |c BK | ||
| 952 | |0 0 |1 0 |2 ddc |4 0 |6 265_700000000000000_SAP_2018 |7 0 |8 A |9 577414 |a BIBTEO |b BIBTEO |d 2021-01-05 |e 3 |g 35881.00 |i 5581621 |o 265.7 SAP 2018 |p 5581621 |r 2025-01-17 |t 1 |v 35881.00 |w 2021-01-05 |y BK |k ICR | ||